000 00625nam a2200181Ia 4500
008 090124s9999 xx 000 0 und d
082 _b32856
100 _aविद्यासागर पंडित
245 _a वैद्यकिय उपकरणे
250 _a1
260 _bसन पब्लिकेशन्स
_c1995
300 _a130
600 _aविद्यासागर पंडित
630 _a वैद्यकिय उपकरणे
700 _aविद्यासागर पंडित
730 _a वैद्यकिय उपकरणे
942 _cBOOK
999 _c98816
_d98816